The Facts on File dictionary of fitness /

Bibliographic Details
Main Author: Friedberg, Ardy
Corporate Author: Facts on File, Inc
Format: Book
Language:English
Published: New York, N.Y. : Facts on File Publications, [1984]
Subjects:

MARC

Tag First Indicator Second Indicator Subfields
LEADER 00000pam a2200000 a 4500
001 in00000540021
005 20151013180225.0
008 830204s1984 nyua d 00010 eng
010 |a  83001592  
020 |a 0871968096 
035 |a (OCoLC)09280975 
035 |9 ACH6703AM 
039 0 |a 2  |b 3  |c 3  |d 3  |e 3 
040 |a DLC  |c DLC  |d TXA  |d UtOrBLW 
049 |a TXAM 
050 0 0 |a GV481  |b .F73 1984 
082 0 |a 613.7/03  |2 19 
100 1 |a Friedberg, Ardy. 
245 1 4 |a The Facts on File dictionary of fitness /  |c by Ardy Friedberg. 
264 1 |a New York, N.Y. :  |b Facts on File Publications,  |c [1984] 
264 4 |c ©1984 
300 |a viii, 158 pages :  |b illustrations ;  |c 24 cm. 
336 |a text  |b txt  |2 rdacontent 
337 |a unmediated  |b n  |2 rdamedia 
338 |a volume  |b nc  |2 rdacarrier 
650 0 |a Physical fitness  |x Dictionaries. 
710 2 |a Facts on File, Inc. 
740 0 |a Dictionary of fitness. 
999 |a MARS 
999 f f |s 0f3f6721-0977-381e-b38f-53a81f55368d  |i 59a2664b-3700-3b80-8c9c-049117127998  |t 0 
952 f f |p ric  |a Texas A&M University  |b Rellis Campus  |c Joint Library Facility  |d Remote Storage  |t 0  |e GV481 .F73 1984  |h Library of Congress classification  |i unmediated -- volume  |m A14808208463 
998 f f |a GV481 .F73 1984  |t 0  |l Remote Storage